000 00654nam a2200241Ia 4500
003 OSt
005 20220918212247.0
006 a|||||r|||| 00| 0
007 ta
008 220917b |||||||| |||| 00| 0 eng d
024 _a128,052
037 _cTextual
040 _aARTS
_cARTS
_beng
041 _2eng
_aeng
082 _aX.1-3.N3, G0 (906).2;1
100 _aKnowles L C A
245 0 _aEconomic development of the British overseas empire
260 _c1930
650 _aECONOMICS
700 _a Knowles C M
_9123171
942 _hX.1-3.N3, G0 (906).2;1
_cTEXL
_2CC
999 _c251190
_d251190